00568nam a2200157 i 450000100060000000300090000600500170001500700030003200800410003510000240007624501750010026000540027530000340032965000260036385200210038951935ES-MaACL20230906162456.0t|030821s1887 fr ||||1| fre d1 aDaubrée, Auguste.14aLes eaux souterraines aux époques anciennes b: rôle qui leur revient dans l'origine et les modifications de la substance de l'écorce terrestre /cpar A. Daubrée. aParis : bVve. Ch. Dunod A., c1887 (fA. Lahure) aIV, 443 p. : bil. ; c26 cm. 4aAguas subterráneas. aES-MaACLjF-1399